000 00813nam a2200301 a 4500
003 AR-BaBNM
005 20251128203132.0
008 082120s2002 ||||||||||||||000 | spa||
040 _cAR-BaBNM
100 1 _aCruz Torres, Mario Enrique de la
245 0 0 _aRubelpec
_bcuentos y leyendas de Senahu, Alta Verapaz
260 _aGuatemala
_bEl autor
_c1978
300 _a382 p.
_bil.
500 _aContiene vocabulario en p. 351
650 4 _aLITERATURA LATINOAMERICANA
650 4 _aCOSTUMBRES Y TRADICIONES
650 4 _aLEYENDAS
650 4 _aTRADICION ORAL
650 4 _aMITOLOGIA
650 4 _aLITERATURA CONTEMPORANEA
653 _aINDIGENISMO
653 _aNATIVISMO
653 _aNARRATIVA
655 _aLITERATURA
700 1 _aVela, David
_eprologuista
942 _cBK
998 _cMARTIN
999 _c2063
_d2063